000 00356 a2200121 4500
000 nam a22 7a 4500
005 20260507153801.0
020 _a9788188457724
100 _aकमला सिंघवी
_91238790
245 _aआधुनिक परिवार में स्त्री
260 _bSamayik Prakashan
_c2024
942 _cTEXL
999 _c1851123
_d1851123